| 000 | 03357cam a22006737a 4500 | ||
|---|---|---|---|
| 003 | CHAP | ||
| 005 | 20220329135122.0 | ||
| 008 | 971013s1976 r 00010 d | ||
| 010 | _a31226 | ||
| 011 | _a32198 | ||
| 035 | _a36311 | ||
| 040 | _cCHAP | ||
| 082 |
_a630.215 _bM3 |
||
| 100 | 0 | 0 |
_aMárquez Sánchez, Fidel. _976354 |
| 245 | 0 |
_aSistemas de producción agrícola _b: agroecosistemas |
|
| 260 |
_aChapingo, Méx. : _bENA. Depto. de Fitotecnia, _c1976 |
||
| 300 | _a192 p | ||
| 490 | 0 | _aApuntes | |
| 500 | _aCopias en bodega | ||
| 590 |
_aBATCH-UPD _b10 _c20130110 _lUCH01 _h1937 |
||
| 590 |
_aBATCH-UPD _b10 _c20130410 _lUCH01 _h1301 |
||
| 590 |
_aBATCH-UPD _b10 _c20130914 _lUCH01 _h1249 |
||
| 590 |
_aCONVERSION _b10 _c20130109 _lUCH01 _h1318 |
||
| 650 | 4 |
_aSistemas de cultivo. _9106746 |
|
| 650 | 1 | 4 |
_aEcología agrícola. _935165 |
| 650 | 1 | 4 |
_aEcosistema. _935290 |
| 830 | 0 |
_aApuntes _96382 |
|
| 901 | _aBK | ||
| 942 | _cLIBRO | ||
| 949 |
_a630.215 M3 _bBC _cBPA _d33724000028825 _eLIBRO _fc.3 _h41098 _i36311 _mD _si |
||
| 949 |
_a630.215 M3 _bBC _cBPA _d33724000028858 _eLIBRO _fc.6 _h41101 _i36311 _si |
||
| 949 |
_a630.215 M3 _bBC _cBPA _d33724000490413 _eLIBRO _fc.9 _h41104 _i36311 _si |
||
| 949 |
_a630.215 M3 _bBC _cBPA _d33724000548491 _eLIBRO _fc.25 _h41120 _i36311 _si |
||
| 949 |
_a630.215 M3 _bBC _cBPA _d33724000548517 _eLIBRO _fc.20 _h41115 _i36311 _si |
||
| 949 |
_a630.215 M3 _bBC _cLIBRO _d33724000028833 _eLIBRO _fc.4 _h41099 _i36311 _si |
||
| 949 |
_a630.215 M3 _bBC _cLIBRO _d33724000028841 _eLIBRO _fc.5 _h41100 _i36311 _si |
||
| 949 |
_a630.215 M3 _bBC _cLIBRO _d33724000028866 _eLIBRO _fc.7 _h41102 _i36311 _si |
||
| 949 |
_a630.215 M3 _bBC _cLIBRO _d33724000028874 _eLIBRO _fc.8 _h41103 _i36311 _si |
||
| 949 |
_a630.215 M3 _bBC _cLIBRO _d33724000028890 _eLIBRO _fc.12 _h41107 _i36311 _si |
||
| 949 |
_a630.215 M3 _bBC _cLIBRO _d33724000028908 _eLIBRO _fc.19 _h41114 _i36311 _si |
||
| 949 |
_a630.215 M3 _bBC _cLIBRO _d33724000028916 _eLIBRO _fc.26 _h41096 _i36311 _si |
||
| 949 |
_a630.215 M3 _bBC _cLIBRO _d33724000028932 _eLIBRO _fc.29 _h41124 _i36311 _si |
||
| 949 |
_a630.215 M3 _bBC _cLIBRO _d33724000028940 _eLIBRO _fc.28 _h41123 _i36311 _si |
||
| 949 |
_a630.215 M3 _bBC _cLIBRO _d33724000490355 _eLIBRO _fc.24 _h41119 _i36311 _si |
||
| 949 |
_a630.215 M3 _bBC _cLIBRO _d33724000490363 _eLIBRO _fc.23 _h41118 _i36311 _si |
||
| 949 |
_a630.215 M3 _bBC _cLIBRO _d33724000490371 _eLIBRO _fc.21 _h41116 _i36311 _si |
||
| 949 |
_a630.215 M3 _bBC _cLIBRO _d33724000490389 _eLIBRO _fc.18 _h41113 _i36311 _si |
||
| 949 |
_a630.215 M3 _bBC _cLIBRO _d33724000490397 _eLIBRO _fc.17 _h41112 _i36311 _si |
||
| 949 |
_a630.215 M3 _bBC _cLIBRO _d33724000490405 _eLIBRO _fc.15 _h41110 _i36311 _si |
||
| 949 |
_a630.215 M3 _bBC _cLIBRO _d33724000548509 _eLIBRO _fc.27 _h41122 _i36311 _sm |
||
| 949 |
_a630.215 M3 _bBC _cLIBRO _d33724000642542 _eLIBRO _fc.10 _h41105 _i36311 _si |
||
| 949 |
_a630.215 M3 _bBC _cLIBRO _d33724000732970 _eLIBRO _fc.30 _h41125 _i36311 _si |
||
| 949 |
_a630.215 M3 _bBC _cLIBRO _d33724000947024 _eLIBRO _fc.22 _h41117 _i36311 _si |
||
| 949 |
_a630.215 M3 _bBC _cLIBRO _d33724002052926 _eLIBRO _fc.92 _h46036 _i36311 _si |
||
| 949 |
_a630.215 M3 _bBC _cLIBRO _d33724002052959 _eLIBRO _fc.34 _h41129 _i36311 _si |
||
| 949 |
_a630.215 M3 _bBC _cLIBRO _d33724002052967 _eLIBRO _fc.90 _h41184 _i36311 _si |
||
| 949 |
_a630.215 M3 _bBC _cLIBRO _d33724002053009 _eLIBRO _fc.36 _h41131 _i36311 _si |
||
| 949 |
_a630.215 M3 _bBC _cUACH _d-102143 _eUACH _fc.2 _h41097 _i36311 _mD _si |
||
| 999 |
_c31226 _d31226 |
||